The investment performance of listed offices (Record no. 106169)

MARC details
000 -LEADER
fixed length control field 01569cam a2200253 4500
001 - CONTROL NUMBER
control field ##L135722
008 - FIXED-LENGTH DATA ELEMENTS--GENERAL INFORMATION
fixed length control field 061129n2006 000 0 eng u
035 ## - SYSTEM CONTROL NUMBER
System control number (Sirsi) u135722
041 0# - LANGUAGE CODE
Language code of text/sound track or separate title eng
050 04 - LIBRARY OF CONGRESS CALL NUMBER
Classification number 332.6324 $2 18
110 2# - MAIN ENTRY--CORPORATE NAME
Corporate name or jurisdiction name as entry element Investment Property Databank
9 (RLIN) 2288
245 04 - TITLE STATEMENT
Title The investment performance of listed offices
260 ## - PUBLICATION, DISTRIBUTION, ETC.
Place of publication, distribution, etc. London
Name of publisher, distributor, etc. RICS
Date of publication, distribution, etc. 2006
505 1# - FORMATTED CONTENTS NOTE
Formatted contents note Performance of the UK property market in 2004 and 2005 -- IPD sample of listed offices -- The investment performance of listed offices: West End offices, City and Midtown offices, outer London, southern England and rest of England, England offices -- Income and occupancy at end 2004 -- Improvement expenditure
520 ## - SUMMARY, ETC.
Summary, etc. The 2006 update to this regular survey examining the investment performance of listed offices in England, shows that over the long-term listed offices have tended to follow the same market cycle as unlisted offices. The report compares the returns, regional differentiation, and income and occupancy of listed office buildings against those of offices that have not been listed.
590 ## - LOCAL NOTE (RLIN)
Local note KA
651 #4 - SUBJECT ADDED ENTRY--GEOGRAPHIC NAME
Geographic name England
Chronological subdivision 886-
690 ## - LOCAL SUBJECT ADDED ENTRY--TOPICAL TERM (OCLC, RLIN)
Topical term or geographic name as entry element PROPERTY-COMMERCIAL PROPERTY-COMMERCIAL PROPERTY FINANCE AND INVESTMENT
710 2# - ADDED ENTRY--CORPORATE NAME
Corporate name or jurisdiction name as entry element Royal Institution of Chartered Surveyors
9 (RLIN) 4900
710 2# - ADDED ENTRY--CORPORATE NAME
Corporate name or jurisdiction name as entry element Investment Property Forum
9 (RLIN) 2112
710 2# - ADDED ENTRY--CORPORATE NAME
Corporate name or jurisdiction name as entry element English Heritage
9 (RLIN) 2714
856 40 - ELECTRONIC LOCATION AND ACCESS
Uniform Resource Identifier <a href="https://www.rics.org/profession-standards/knowledge-and-information-services/document-delivery-and-other-kis-fees">https://www.rics.org/profession-standards/knowledge-and-information-services/document-delivery-and-other-kis-fees</a>
Public note Email [email protected] for a scanned copy
942 ## - ADDED ENTRY ELEMENTS (KOHA)
Suppress in OPAC 0
Source of classification or shelving scheme Dewey Decimal Classification
Holdings
Withdrawn status Lost status Source of classification or shelving scheme Damaged status Not for loan Home library Current library Shelving location Date acquired Total Checkouts Full call number Date last seen Copy number Price effective from Koha item type
    Dewey Decimal Classification     Virtual Virtual Online 29/11/2006   SCAN 25/06/2025 1 06/08/2019 Online material